00455nam a2200145Ia 4500082001200000100001900012245010000031260003300131300000800164650003000172650003300202650002700235650002800262710001900290 aTA.0046 aAgrawal, Mamta 0aStudy of the impact of education on social and cultural modernization of Hindu and Muslim women c1979bKurukshetra University a240 aWomen, hinduvHindu women aWomenvSocio-economic status aHindu womenvEducation aMuslim womenvEducation aChaturvedi, V.